[Event "Drienica Saris op"]
[Site "Drienica"]
[Date "2020.08.13"]
[Round "7"]
[White "Dragula, Miroslav"]
[Black "Kucik, Patrik"]
[Result "0-1"]
[WhiteElo "1571"]
[BlackElo "1561"]
[PlyCount "148"]
[EventDate "2020.08.07"]
[EventType "swiss"]
[EventRounds "9"]
[EventCountry "SVK"]
[SourceTitle "CBM 197 Extra"]
[Source "ChessBase"]
[SourceDate "2020.09.30"]
[SourceVersion "1"]
[SourceVersionDate "2020.09.30"]
[SourceQuality "1"]

1. d4 Nf6 2. c4 e6 3. Nc3 d5 4. Bg5 Be7 5. Nf3 h6 6. Bh4 c6 7. e3 0-0 8. Bd3 Nh7 9. Bxe7 Qxe7 10. Qc2 Nf6 11. h3 Nbd7 12. 0-0 e5 13. cxd5 cxd5 14. dxe5 Nxe5 15. Nxe5 Qxe5 16. Ne2 Be6 17. Nd4 Rac8 18. Qe2 a6 19. Nf3 Qd6 20. Rfe1 Rc7 21. Nd4 Rfc8 22. Qf3 Qe5 23. Qe2 Qd6 24. Qd2 Qe5 25. f4 Qd6 26. Nf3 Bd7 27. a4 Bc6 28. g4 Qe6 29. Bf5 Qe7 30. Bxc8 Rxc8 31. Nd4 Ne4 32. Qh2 Bd7 33. Qg2 Qb4 34. b3 Rc3 35. Rac1 Rd3 36. Qe2 Rd2 37. Qf3 Rf2 38. Qd1 Rd2 39. Qf3 Rf2 40. Qxe4 dxe4 41. Kxf2 Qd2+ 42. Kg1 Kh7 43. Rcd1 Qc3 44. Re2 f6 45. Rdd2 Qc1+ 46. Kg2 Qc3 47. Rc2 Qa1 48. Rc7 Bc6 49. Ne6 Qd1 50. Kf2 Qh1 51. Nxg7 Qxh3 52. Nh5+ Kg8 53. Nxf6+ Kf8 54. Ke1 Qh4+ 55. Rf2 Qxf6 56. g5 Qc3+ 57. Rd2 Qxe3+ 58. Kd1 Qxb3+ 59. Ke2 Qf3+ 60. Ke1 Qg3+ 61. Rf2 Qc3+ 62. Rd2 Qc1+ 63. Ke2 Bb5+ 64. axb5 Qxc7 65. bxa6 Qc4+ 66. Ke3 Qxa6 67. gxh6 Qxh6 68. Kxe4 Qc6+ 69. Rd5 b5 70. Kd4 Qc4+ 71. Ke5 b4 72. f5 b3 73. Rd6 Qc5+ 74. Ke6 Qxd6+ 0-1